مكتبة جامعة عجلون الوطنية

فهرس بحث المكتبة

القيادة الإدارية في المجال الرياضي (Record no. 34073)

MARC details
000 -LEADER
fixed length control field 00875nam a22002297a 4500
003 - CONTROL NUMBER IDENTIFIER
control field JO-AjAnu
005 - DATE AND TIME OF LATEST TRANSACTION
control field 20251013104705.0
008 - FIXED-LENGTH DATA ELEMENTS--GENERAL INFORMATION
fixed length control field 251013b jo ||||| |||| 00| 0 ara d
020 ## - INTERNATIONAL STANDARD BOOK NUMBER
International Standard Book Number 978-9923-46-099-3
022 ## - INTERNATIONAL STANDARD SERIAL NUMBER
International Standard Serial Number 403/1/2024
040 ## - CATALOGING SOURCE
Original cataloging agency ANU
Transcribing agency JO-AjAnu
041 ## - LANGUAGE CODE
Language code of original ARA
100 ## - MAIN ENTRY--PERSONAL NAME
Personal name الربيعي، محمود داود
Relator term مؤلف
9 (RLIN) 66805
245 ## - TITLE STATEMENT
Title القيادة الإدارية في المجال الرياضي
Statement of responsibility, etc. / محمود داود الربيعي وآخرون
250 ## - EDITION STATEMENT
Edition statement الطبعة الاولى
260 ## - PUBLICATION, DISTRIBUTION, ETC.
Place of publication, distribution, etc. عمان :
Name of publisher, distributor, etc. دار الوفاق للنشر والتوزيع،
Date of publication, distribution, etc. 2025
300 ## - PHYSICAL DESCRIPTION
Extent 209 صفحة
650 ## - SUBJECT ADDED ENTRY--TOPICAL TERM
Form subdivision التربية البدنية-إدارة
700 ## - ADDED ENTRY--PERSONAL NAME
Personal name الحربي، حذيفة إبراهيم
Relator term مؤلف مشارك
9 (RLIN) 66806
700 ## - ADDED ENTRY--PERSONAL NAME
Personal name الجميلي، جبار علي
Relator term مؤلف مشارك
9 (RLIN) 66807
942 ## - ADDED ENTRY ELEMENTS (KOHA)
Source of classification or shelving scheme Library of Congress Classification
Koha item type Books
Suppress in OPAC No
Holdings
Withdrawn status Lost status Source of classification or shelving scheme Damaged status Not for loan Home library Current library Date acquired Total Checkouts Full call number Barcode Date last seen Price effective from Koha item type
    Library of Congress Classification     مكتبة جامعة عجلون الوطنية مكتبة جامعة عجلون الوطنية 13/10/2025   GV706.8.2025 A30447 13/10/2025 13/10/2025 Books